00719cam a2200253 a 450000100090000000300040000900500170001300800410003001000170007102000250008802000150011304000180012804200080014605000230015408200170017724500770019425000130027126000410028430000380032550000200036365000370038365000240042070000210044416658687OSt20150408114013.0110218s2012 maua 001 0 eng  a 2011004216 a9780321732590 (pbk.) a0321732596 aDLCcDLCdDLC apcc00aRC86.7b.H339 201200a616.025222200aFirst aid for colleges and universities /cKeith J. Karren ... [et al.]. a10th ed. aBoston :bBenjamin Cummings,cc2012. axx, 530 p. :bcol. ill. ;c28 cm. aIncludes index. 0aFirst aid in illness and injury. 0aEmergency medicine.1 aKarren, Keith J.